| 000 | 00716nam a2200253Ia 4500 | ||
|---|---|---|---|
| 003 | OSt | ||
| 005 | 20220924130716.0 | ||
| 006 | a|||||r|||| 00| 0 | ||
| 007 | ta | ||
| 008 | 220923b |||||||| |||| 00| 0 mal d | ||
| 024 | _a349782 | ||
| 037 | _cTextual | ||
| 040 |
_aARTS _cARTS _bmal |
||
| 041 |
_2mal _amal |
||
| 082 | _aO32,1N094,5, K7 | ||
| 100 |
_aNair Kunhiraman P. Au. _9200594 |
||
| 245 | 0 | _aNirvananisa | |
| 260 |
_aTrichur _bMangalodayam limited India141p. _c1967 |
||
| 300 |
_a141p. _ccm. |
||
| 650 |
_a MALAYALAM POETRY _9185636 |
||
| 650 |
_aMALAYALAM LITERATURE _938866 |
||
| 942 |
_hO32,1N094,5, K7 _cTEXL _2CC |
||
| 999 |
_c425248 _d425248 |
||